000
00165nam a2200073Ia 4500
008
170620s9999 xx 000 0 und d
100
_a
Mishra
245
0
_a
EDUCATIONAL SUPERVISION
260
_b
ALFA P
999
_c
26546
_d
26546